| 000 | 00603nam a2200193 a 4500 | ||
|---|---|---|---|
| 020 | _a0697270661 | ||
| 082 | 0 | 0 |
_a414 _bMAY _cD |
| 100 | 1 |
_aMayer, Lyle Vernon, _938823 |
|
| 245 | 1 | 0 |
_aFundamentals of voice & articulation / _cLyle V. Mayer. |
| 250 | _a11th ed. | ||
| 260 |
_aMadison : _bBrown & Benchmark, _cc1996. |
||
| 300 |
_axiv, 322 p. : _bill. ; _c28 cm. |
||
| 500 | _aIncludes index. | ||
| 500 | _aRev. ed. of: Fundamentals of voice & diction. 10th ed. c1994. | ||
| 526 |
_a0 _b0 _c0 _d414_000000000000000_MAY |
||
| 650 | 0 |
_aD _96527 |
|
| 700 | 1 |
_aMayer, Lyle Vernon, _938823 |
|
| 942 |
_2ddc _cBK |
||
| 999 |
_c543459 _d543459 |
||